Neobchodim Torgovyj rejestr Rossii.

Príprava legislatívy na vznik obchodného registra v Rusku. Medzinárodná prax obchodnej registrácie. Povinnosť registrácie podnikateľov. Informácie o spoločnosti pre potreby registrácie. Vytváranie obchodného registra a jeho základné etapy. Štruktúra organizácie "Obchodného registra Ruska".

Enregistré dans:
Détails bibliographiques
Auteur principal: Tichonov, Je
Format: Chapitre de livre
Langue:russe
Sujets:
Tags: Ajouter un tag
Pas de tags, Soyez le premier à ajouter un tag!

MARC

LEADER 00000naa a2200000 4500
001 r011705
005 20221130113257.8
041 0 |a rus 
044 |a [SU] 
245 1 0 |a Neobchodim Torgovyj rejestr Rossii.  |c Je. Tichonov 
520 |a Príprava legislatívy na vznik obchodného registra v Rusku. Medzinárodná prax obchodnej registrácie. Povinnosť registrácie podnikateľov. Informácie o spoločnosti pre potreby registrácie. Vytváranie obchodného registra a jeho základné etapy. Štruktúra organizácie "Obchodného registra Ruska". 
610 2 0 |a register obchodný 
610 2 0 |a legislatíva 
610 2 0 |a Rusko 
610 2 0 |a právo obchodné 
610 2 0 |a podnikatelia 
610 2 0 |a trh 
610 2 0 |a informácie obchodno-ekonomické 
100 1 |a Tichonov, Je.